Statistics for Не граничащие страны ближе всего к России

Click here to take the quiz!

General Stats

  • This quiz has been taken 488 times
  • The average score is 13 of 20

Answer Stats

кмстрана% Correct
208Швеция
84%
43Япония
80%
357Германия
78%
136Турция
78%
4Соединенные
Штаты
78%
110Армения
71%
455Южная Корея
71%
220Румыния
70%
524Узбекистан
68%
212Молдова
67%
535Словакия
65%
478Чехия
62%
165Иран
60%
360Болгария
59%
296Дания
58%
638Венгрия
55%
323Туркменистан
54%
510Ирак
49%
601Сирия
42%
632Греция
39%

Score Distribution

Percentile by Number Answered

Percent of People with Each Score

Your Score History

You have not taken this quiz